000 00678nam a22002292 4500
001 0000003091
005 20151217145732.0
008 070427s xx 000 0 eng d
040 _aKABU
_cKABU
050 0 _aHJ257.2
_b.R67 1998
100 1 _aRosen, Harvey S.
_@0000152735
245 1 0 _aPublic finance /
_cHarvey S. Rosen.
250 _a5th ed.
260 _aBoston :
_bIrwin/McGraw-Hill,
_c1998.
300 _axxxii, 573 p.
650 0 _aFinance, Public
_zUnited States.
_@0000148147
908 _a070427
950 _@1
999 _c2073
_d2073